[Event "Portela Memorial tt"]
[Site "Havana"]
[Date "2018.07.24"]
[Round "9.4"]
[White "Garcia Aguilera, Yadil"]
[Black "Torres Baracaldo, Eric"]
[Result "1/2-1/2"]
[WhiteElo "1779"]
[BlackElo "1623"]
[PlyCount "80"]
[EventDate "2018.07.16"]
[EventType "team-tourn"]
[EventRounds "9"]
[EventCountry "CUB"]
[SourceTitle "EXT 2021"]
[Source "ChessBase"]
[SourceDate "2020.10.23"]
[SourceVersion "1"]
[SourceVersionDate "2020.10.23"]
[SourceQuality "1"]

1. c4 e6 2. e4 c5 3. d3 Nc6 4. Nc3 g6 5. g3 Bg7 6. Nge2 Nge7 7. Bg2 Rb8 8. Rb1 a6 9. 0-0 0-0 10. f4 f5 11. e5 d6 12. d4 cxd4 13. Nxd4 dxe5 14. Nxc6 Nxc6 15. Qa4 Qb6+ 16. Kh1 e4 17. Nd1 Qb4 18. Qxb4 Nxb4 19. Be3 Nd3 20. b3 b5 21. c5 Bb7 22. Nf2 Rfd8 23. Nxd3 Rxd3 24. Bg1 b4 25. Rbc1 Bc3 26. Rfd1 Rbd8 27. Rxd3 Rxd3 28. Bf2 Bd5 29. Kg1 e3 30. Bxd5 exd5 31. Be1 Kf7 32. Kf1 Bxe1 33. Kxe1 Ke7 34. Ke2 Rc3 35. Rxc3 bxc3 36. Kxe3 d4+ 37. Kd3 Kd7 38. b4 Kc6 39. a4 h6 40. h4 a5 1/2-1/2

[Event "Portela Memorial tt"]
[Site "Havana"]
[Date "2018.07.20"]
[Round "4.2"]
[White "Garcia Aguilera, Yadil"]
[Black "Morales Sanchez, Ernesto Felix"]
[Result "1/2-1/2"]
[WhiteElo "1779"]
[BlackElo "1751"]
[PlyCount "64"]
[EventDate "2018.07.16"]
[EventType "team-tourn"]
[EventRounds "9"]
[EventCountry "CUB"]
[SourceTitle "EXT 2021"]
[Source "ChessBase"]
[SourceDate "2020.10.23"]
[SourceVersion "1"]
[SourceVersionDate "2020.10.23"]
[SourceQuality "1"]

1. c4 e6 2. e4 d5 3. cxd5 exd5 4. e5 c5 5. Nf3 Nc6 6. Bb5 Bd7 7. 0-0 a6 8. Ba4 Qc7 9. Re1 0-0-0 10. Nc3 Bg4 11. Bxc6 Qxc6 12. h3 Bh5 13. d4 cxd4 14. Nxd4 Bxd1 15. Nxc6 bxc6 16. Rxd1 f6 17. e6 Re8 18. Re1 Bb4 19. Bd2 d4 20. Ne4 Bxd2 21. Nxd2 Ne7 22. Rac1 Kc7 23. Nb3 Rd8 24. Rcd1 Rhe8 25. Nxd4 c5 26. Nb3 Rxd1 27. Rxd1 Kc6 28. Na5+ Kb5 29. Nb7 Kc6 30. Na5+ Kb5 31. Nb7 Kc6 32. Na5+ Kb5 1/2-1/2